[Event "XXX Roquetas de Mar Open 2019"]
[Site "Roquetas de Mar"]
[Date "2019.01.06"]
[Round "7"]
[White "Marechal, Andy"]
[Black "Morozov, Nichita"]
[Result "1/2-1/2"]
[WhiteElo "2318"]
[BlackElo "2437"]
[Annotator "NA RC"]
[PlyCount "68"]
[EventDate "2019.01.02"]
[EventType "swiss"]
[EventCountry "ESP"]
[SourceTitle "playchess.com"]
[Source "ChessBase"]
[SourceQuality "1"]
[TimeControl "5400+30"]

1. e4 {[%emt 0:00:00]} e5 {[%emt 0:05:02]} 2. Nf3 {[%emt 0:00:00]} Nc6 {[%emt 0:00:03]} 3. Bb5 {[%emt 0:00:00]} a6 {[%emt 0:00:42]} 4. Ba4 {[%emt 0:00:00]} Nge7 {[%emt 0:00:51]} 5. c3 {[%emt 0:00:56]} g6 {[%emt 0:00:04]} 6. d4 {[%emt 0:02:24]} exd4 {[%emt 0:00:04]} 7. Nxd4 {[%emt 0:00:42]} Bg7 {[%emt 0:00:27]} 8. O-O {[%emt 0:07:27]} O-O {[%emt 0:04:46]} 9. Bg5 {[%emt 0:03:08]} h6 {[%emt 0:01:51]} 10. Nxc6 {[%emt 0:02:47]} bxc6 {[%emt 0:00:04]} 11. Be3 {[%emt 0:00:11]} d6 {[%emt 0:01:00]} 12. Bd4 {[%emt 0:02:46]} c5 {[%emt 0:00:05]} 13. Bxg7 {[%emt 0:00:11]} Kxg7 {[%emt 0:00:03]} 14. Nd2 {[%emt 0:01:07]} Rb8 {[%emt 0:00:30]} 15. b3 {[%emt 0:09:05]} g5 {[%emt 0:04:02]} 16. Nc4 {[%emt 0:12:47]} Be6 {[%emt 0:09:35]} 17. Ne3 {[%emt 0:00:56]} Ng6 {[%emt 0:00:04]} 18. Qe2 {[%emt 0:05:45]} Qf6 {[%emt 0:00:41]} 19. Rac1 {[%emt 0:05:20]} Nf4 {[%emt 0:03:57]} 20. Qd2 {[%emt 0:01:53]} h5 {[%emt 0:05:48]} 21. f3 {[%emt 0:06:30]} Ng6 {[%emt 0:01:28]} 22. Nd5 {[%emt 0:02:22]} Bxd5 {[%emt 0:00:05]} 23. exd5 {[%emt 0:00:34]} Qf4 {[%emt 0:02:38]} 24. Qe2 {[%emt 0:03:31]} Qe5 {[%emt 0:03:57]} 25. Qxe5+ {[%emt 0:01:10]} dxe5 {[%emt 0:00:31]} 26. Rcd1 {[%emt 0:02:13]} Rfd8 {[%emt 0:01:42]} 27. Rfe1 {[%emt 0:00:55]} Kf6 {[%emt 0:00:40]} 28. Re4 {[%emt 0:01:22]} Nf4 {[%emt 0:00:56]} 29. Rc4 {[%emt 0:06:25]} Nxd5 {[%emt 0:00:05]} 30. Rxc5 {[%emt 0:00:19]} Nf4 {[%emt 0:00:06]} 31. Rc6+ {[%emt 0:02:03]} Ne6 {[%emt 0:00:38]} 32. b4 {[%emt 0:01:15]} Rxd1+ {[%emt 0:01:12]} 33. Bxd1 {[%emt 0:00:25]} Rb6 {[%emt 0:00:01]} 34. Rxb6 {[%emt 0:03:00]} cxb6 {[%emt 0:00:03]} 1/2-1/2

[Event "XXX Roquetas de Mar Open 2019"]
[Site "Roquetas de Mar"]
[Date "2019.01.06"]
[Round "7"]
[White "Bobadilla Viera, Jorge Samuel"]
[Black "Espinosa Aranda, Angel"]
[Result "0-1"]
[WhiteElo "2274"]
[BlackElo "2478"]
[Annotator "ChessBase"]
[PlyCount "92"]
[EventDate "2019.01.02"]
[EventType "swiss"]
[EventCountry "ESP"]
[SourceTitle "playchess.com"]
[Source "ChessBase"]
[SourceQuality "1"]
[TimeControl "5400+30"]

1. e4 {[%emt 0:01:39]} c5 {[%emt 0:00:00]} 2. Nf3 {[%emt 0:00:08]} d6 {[%emt 0:00:00]} 3. d4 {[%emt 0:00:11]} cxd4 {[%emt 0:00:00]} 4. Nxd4 {[%emt 0:00:02]} Nf6 {[%emt 0:00:07]} 5. Nc3 {[%emt 0:00:02]} Bd7 {[%emt 0:00:04]} 6. Bg5 {[%emt 0:02:21]} e6 {[%emt 0:00:05]} 7. Qd2 {[%emt 0:10:59]} a6 {[%emt 0:00:05]} 8. Be2 {[%emt 0:04:44]} Be7 {[%emt 0:09:52]} 9. O-O {[%emt 0:03:04]} Nc6 {[%emt 0:03:14]} 10. a4 {[%emt 0:03:55]} O-O {[%emt 0:03:39]} 11. Nb3 {[%emt 0:01:42]} Nb4 {[%emt 0:13:05]} 12. Rfd1 {[%emt 0:09:07]} Bc6 {[%emt 0:01:38]} 13. Bxf6 {[%emt 0:05:09]} Bxf6 {[%emt 0:00:08]} 14. Nb1 {[%emt 0:02:37]} a5 {[%emt 0:01:19]} 15. c3 {[%emt 0:00:24]} Na6 {[%emt 0:00:11]} 16. Qe3 Qc7 {[%emt 0:10:37]} 17. N1d2 {[%emt 0:03:08]} d5 {[%emt 0:01:08]} 18. exd5 {[%emt 0:00:49]} Bxd5 {[%emt 0:00:07]} 19. Bf3 {[%emt 0:03:09]} Rfe8 {[%emt 0:09:39]} 20. Re1 {[%emt 0:04:18]} Rad8 {[%emt 0:00:55]} 21. Bxd5 {[%emt 0:02:24]} Rxd5 {[%emt 0:00:05]} 22. Ne4 {[%emt 0:00:18]} Be7 {[%emt 0:02:31]} 23. Nd4 {[%emt 0:02:09]} Nc5 {[%emt 0:02:14]} 24. Nb5 {[%emt 0:01:35]} Qd8 {[%emt 0:00:38]} 25. Qe2 {[%emt 0:07:30]} Nd3 {[%emt 0:05:59]} 26. c4 {[%emt 0:05:31]} Rd7 {[%emt 0:00:08]} 27. Rf1 {[%emt 0:03:41]} f5 {[%emt 0:00:08]} 28. Nec3 {[%emt 0:01:09]} Bc5 {[%emt 0:00:25]} 29. Rad1 {[%emt 0:01:50]} e5 {[%emt 0:03:38]} 30. Nd5 {[%emt 0:00:40]} e4 {[%emt 0:00:16]} 31. Rxd3 {[%emt 0:03:52]} exd3 {[%emt 0:00:08]} 32. Qxd3 {[%emt 0:00:01]} Rf7 {[%emt 0:01:43]} 33. g3 {[%emt 0:01:44]} Qg5 {[%emt 0:02:55]} 34. Nbc3 {[%emt 0:03:41]} h5 {[%emt 0:01:27]} 35. Nf4 {[%emt 0:01:38]} h4 {[%emt 0:00:23]} 36. Kg2 {[%emt 0:00:36]} b6 {[%emt 0:07:35]} 37. Rd1 {[%emt 0:02:49]} Qf6 {[%emt 0:02:14]} 38. Qf3 {[%emt 0:03:44]} g5 {[%emt 0:00:46]} 39. Nfd5 {[%emt 0:00:06]} h3+ {[%emt 0:02:54]} 40. Kf1 {[%emt 0:00:01]} Qg6 {[%emt 0:00:38]} 41. Rd2 {[%emt 0:01:37]} Re5 {[%emt 0:00:39]} 42. Re2 {[%emt 0:01:32]} Rxe2 {[%emt 0:00:14]} 43. Qxe2 {[%emt 0:00:10]} f4 {[%emt 0:01:51]} 44. gxf4 {[%emt 0:00:49]} gxf4 {[%emt 0:00:07]} 45. Qf3 {[%emt 0:00:14]} Rg7 {[%emt 0:03:42]} 46. Qxf4 {[%emt 0:04:30]} Qd3+ 0-1